000
00241 a2200109 4500
003
Nust
005
20170207154231.0
040
_c
Nust
082
_a
371.33
245
_a
Beyond Enemy Lines (VHS-392)
440
_a
Beyond Enemy Lines (VHS-392)
538
_a
Duration Mins 100
999
_c
195879
_d
195879